[Event "Nis op"]
[Site "Nis"]
[Date "2013.03.26"]
[Round "7"]
[White "Nikolic, Mila"]
[Black "Arandjelovic, Aleksandar Z"]
[Result "0-1"]
[WhiteElo "1917"]
[BlackElo "1967"]
[PlyCount "68"]
[EventDate "2013.03.21"]
[EventType "swiss"]
[EventRounds "9"]
[EventCountry "SRB"]
[SourceTitle "CBM 153 Extra"]
[Source "ChessBase"]
[SourceDate "2013.04.22"]
[SourceVersion "1"]
[SourceVersionDate "2013.04.22"]
[SourceQuality "1"]

1. e4 c5 2. c3 e5 3. Nf3 Nc6 4. Bc4 Qc7 5. 0-0 Nf6 6. d3 Be7 7. Be3 0-0 8. Nbd2 Nd8 9. Rc1 Ne6 10. d4 exd4 11. cxd4 Ng4 12. Bxe6 fxe6 13. Qe2 b6 14. b4 a5 15. b5 a4 16. dxc5 bxc5 17. Bd4 Bb7 18. h3 Nf6 19. Rfe1 Rac8 20. Qc4 d5 21. exd5 Bxd5 22. Qxa4 Nd7 23. Bc3 c4 24. Qc2 Rf4 25. a4 Rcf8 26. Re2 Bc5 27. Kf1 Qb7 28. Rd1 Nf6 29. Ke1 Nh5 30. Nf1 Bxf3 31. gxf3 Qxf3 32. Rd7 Nf6 33. Qb2 Re4 34. Rxe4 Bxf2+ 0-1

[Event "SRB-chT (Women)"]
[Site "Valjevo"]
[Date "2012.09.26"]
[Round "10.3"]
[White "Nikolic, Mila"]
[Black "Nonkovic, Bogdana"]
[Result "1/2-1/2"]
[WhiteElo "1932"]
[BlackElo "1996"]
[PlyCount "31"]
[EventDate "2012.09.17"]
[EventType "team-tourn"]
[EventRounds "11"]
[EventCountry "SRB"]
[SourceTitle "CBM 150 Extra"]
[Source "ChessBase"]
[SourceDate "2012.10.19"]
[SourceVersion "1"]
[SourceVersionDate "2012.10.19"]
[SourceQuality "1"]
[WhiteTeam "Rudovci Radnicki (W)"]
[BlackTeam "Mitrovica Rudar (W)"]
[WhiteTeamCountry "SRB"]
[BlackTeamCountry "SRB"]

1. e4 d6 2. Bc4 Nf6 3. d3 e5 4. Nc3 Be7 5. f4 c6 6. a4 Nbd7 7. Nf3 0-0 8. f5 d5 9. exd5 cxd5 10. Bxd5 Nxd5 11. Nxd5 Qa5+ 12. Nc3 Nf6 13. 0-0 Bxf5 14. Qe2 Rac8 15. Kh1 Bb4 16. Bd2 1/2-1/2

[Event "SRB-chT (Women)"]
[Site "Valjevo"]
[Date "2012.09.24"]
[Round "8.2"]
[White "Nikolic, Mila"]
[Black "Milutinovic, Stefana"]
[Result "0-1"]
[WhiteElo "1932"]
[BlackElo "1981"]
[PlyCount "120"]
[EventDate "2012.09.17"]
[EventType "team-tourn"]
[EventRounds "11"]
[EventCountry "SRB"]
[SourceTitle "CBM 150 Extra"]
[Source "ChessBase"]
[SourceDate "2012.10.19"]
[SourceVersion "1"]
[SourceVersionDate "2012.10.19"]
[SourceQuality "1"]
[WhiteTeam "Rudovci Radnicki (W)"]
[BlackTeam "Belgrade Rad (W)"]
[WhiteTeamCountry "SRB"]
[BlackTeamCountry "SRB"]

1. e4 c5 2. c3 d5 3. exd5 Qxd5 4. d4 Nf6 5. Nf3 e6 6. Nbd2 cxd4 7. Bc4 Qh5 8. cxd4 Nc6 9. 0-0 Bd6 10. Nb3 0-0 11. Be2 Qd5 12. h3 a5 13. Be3 a4 14. Nc5 Bxc5 15. dxc5 Rd8 16. Qxd5 Nxd5 17. Bg5 f6 18. Bh4 Ra5 19. Rac1 Nf4 20. Bc4 Rxc5 21. Bg3 Nd5 22. Rfd1 Kf7 23. Ne1 Nb6 24. Bf1 Rxc1 25. Rxc1 e5 26. f3 Be6 27. Bf2 Nd4 28. a3 Rd7 29. Rc5 Nb3 30. Rc3 Nd5 31. Rc8 Rc7 32. Rxc7+ Nxc7 33. Nc2 Nd2 34. Be2 Bc4 35. Be1 Bxe2 36. Bxd2 Ke6 37. Kf2 Bb5 38. g3 f5 39. Nb4 Ne8 40. Bc3 Nd6 41. Nc2 g6 42. h4 Bc4 43. Bd2 Bb3 44. Ne3 Nf7 45. Bb4 g5 46. Ng2 Bd5 47. hxg5 Nxg5 48. Ne1 h5 49. Bd2 Kf6 50. Ke3 Ne6 51. Bc3 f4+ 52. Kf2 Kf5 53. gxf4 Nxf4 54. Ng2 Nh3+ 55. Ke3 Ng1 56. f4 Bxg2 57. Kf2 Nh3+ 58. Kxg2 Nxf4+ 59. Kf3 e4+ 60. Ke3 Nd5+ 0-1

[Event "SRB-chT (Women)"]
[Site "Valjevo"]
[Date "2012.09.19"]
[Round "3.5"]
[White "Nikolic, Mila"]
[Black "Djukic, Sandra"]
[Result "0-1"]
[WhiteElo "1932"]
[BlackElo "2141"]
[PlyCount "114"]
[EventDate "2012.09.17"]
[EventType "team-tourn"]
[EventRounds "11"]
[EventCountry "SRB"]
[SourceTitle "CBM 150 Extra"]
[Source "ChessBase"]
[SourceDate "2012.10.19"]
[SourceVersion "1"]
[SourceVersionDate "2012.10.19"]
[SourceQuality "1"]
[WhiteTeam "Rudovci Radnicki (W)"]
[BlackTeam "Goracici Jelica (W)"]
[WhiteTeamCountry "SRB"]
[BlackTeamCountry "SRB"]

1. e4 c6 2. d4 d5 3. exd5 cxd5 4. c4 Nf6 5. Nc3 e6 6. Nf3 Nc6 7. a3 h6 8. Bd3 Bd6 9. 0-0 0-0 10. Re1 dxc4 11. Bxc4 a6 12. h3 Qc7 13. Bb3 b5 14. Qd3 Na5 15. Ba2 Bb7 16. Ne5 Nc4 17. Nxc4 bxc4 18. Qxc4 Qa5 19. Qe2 Rac8 20. Bd2 Qb6 21. Be3 Bb8 22. Rad1 Qd6 23. f4 Rfd8 24. Rf1 Rxc3 25. bxc3 Ne4 26. Qb2 Qc6 27. Rc1 Ng3 28. Rfe1 Nf5 29. d5 exd5 30. Rcd1 Nxe3 31. Rxe3 Ba7 32. Rdd3 d4 33. cxd4 Bxd4 34. Rxd4 Rxd4 35. Re8+ Kh7 36. Bb1+ g6 37. Re7 Rd1+ 38. Kh2 Rd7 39. Re8 Rd4 40. Rb8 Qf6 41. Qc1 Bd5 42. Rb4 a5 43. Rxd4 Qxd4 44. Kg3 h5 45. h4 a4 46. Kh2 Qf2 47. Qc2 Qxh4+ 48. Kg1 Qxf4 49. Qd1 Qe3+ 50. Kh2 Qe5+ 51. Kg1 Qg5 52. Qf1 h4 53. Bc2 h3 54. Qf2 hxg2 55. Qd4 Qh5 56. Kf2 Qh2 57. Bxg6+ fxg6 0-1

[Event "Paracin-ch"]
[Site "Paracin"]
[Date "2011.01.30"]
[Round "5"]
[White "Urosevic, Goran"]
[Black "Nikolic, Mila"]
[Result "1-0"]
[WhiteElo "2228"]
[BlackElo "1903"]
[PlyCount "57"]
[EventDate "2011.01.28"]
[EventType "swiss"]
[EventRounds "7"]
[EventCountry "SRB"]
[SourceTitle "CBM 140 Extra"]
[Source "ChessBase"]
[SourceDate "2011.03.01"]
[SourceVersion "1"]
[SourceVersionDate "2011.03.01"]
[SourceQuality "1"]

1. d4 Nf6 2. c4 c5 3. d5 d6 4. Nc3 g6 5. Nf3 Bg7 6. g3 0-0 7. Bg2 Bg4 8. Nd2 Na6 9. h3 Bd7 10. 0-0 Rb8 11. e4 e6 12. a4 exd5 13. cxd5 Re8 14. Nc4 Re7 15. Nxd6 Nb4 16. Nc4 b5 17. axb5 Bxb5 18. Nxb5 Rxb5 19. d6 Rxe4 20. Bxe4 Nxe4 21. Rxa7 Bd4 22. Qe2 f5 23. Bf4 Nd5 24. Be5 Bxe5 25. Nxe5 Rb6 26. Qc4 Rxd6 27. Nf7 Nd2 28. Qxc5 Ne4 29. Qxd6 1-0

[Event "SRB-chT (Women)"]
[Site "Novi Sad"]
[Date "2010.09.01"]
[Round "10"]
[White "Milanovic, Maja"]
[Black "Nikolic, Mila"]
[Result "0-1"]
[WhiteElo "1747"]
[BlackElo "1936"]
[PlyCount "62"]
[EventDate "2010.08.23"]
[EventType "team-tourn"]
[EventRounds "11"]
[EventCountry "YUG"]
[SourceTitle "CBM 138 Extra"]
[Source "ChessBase"]
[SourceDate "2010.10.29"]
[SourceVersion "1"]
[SourceVersionDate "2010.10.29"]
[SourceQuality "1"]

1. e4 Nf6 2. e5 Nd5 3. d4 d6 4. c4 Nb6 5. f4 dxe5 6. fxe5 c5 7. d5 g6 8. Nc3 Bg7 9. Bf4 0-0 10. g4 e6 11. d6 Nc6 12. Nf3 Nd7 13. Bg5 f6 14. exf6 Bxf6 15. Bh6 Bxc3+ 16. bxc3 Rxf3 17. Qxf3 Qh4+ 18. Ke2 Qxh6 19. Bg2 Nde5 20. Qe4 Bd7 21. h3 Qg7 22. Rhf1 Rd8 23. Rab1 Na5 24. Qe3 b6 25. Bf3 Naxc4 26. Qe4 Bc6 27. Qf4 Rf8 28. Bxc6 Rxf4 29. Rxf4 Nxc6 30. Rxc4 Qe5+ 31. Kd3 Qd5+ 0-1

[Event "SRB-chT (Women)"]
[Site "Novi Sad"]
[Date "2010.08.31"]
[Round "9"]
[White "Milutinovic, Stefana"]
[Black "Nikolic, Mila"]
[Result "1/2-1/2"]
[WhiteElo "1872"]
[BlackElo "1936"]
[PlyCount "76"]
[EventDate "2010.08.23"]
[EventType "team-tourn"]
[EventRounds "11"]
[EventCountry "YUG"]
[SourceTitle "CBM 138 Extra"]
[Source "ChessBase"]
[SourceDate "2010.10.29"]
[SourceVersion "1"]
[SourceVersionDate "2010.10.29"]
[SourceQuality "1"]

1. d4 d5 2. c4 e6 3. Nc3 f5 4. Bf4 c6 5. e3 Nf6 6. Qc2 Be7 7. h3 0-0 8. 0-0-0 Ne4 9. f3 Nxc3 10. Qxc3 b6 11. Kb1 a5 12. cxd5 Bb4 13. Qc2 exd5 14. Bd3 Bd6 15. Bxd6 Qxd6 16. g4 g6 17. gxf5 Bxf5 18. e4 Be6 19. e5 Qd7 20. h4 Bf5 21. Ne2 Bxd3 22. Rxd3 Na6 23. a3 Rac8 24. h5 c5 25. hxg6 hxg6 26. Qd2 c4 27. Rc3 b5 28. f4 Kg7 29. Rch3 Rh8 30. Rxh8 Rxh8 31. Rxh8 Kxh8 32. Qxa5 Nc7 33. Ng3 Qg4 34. Kc2 Qxg3 35. Qxc7 Qd3+ 36. Kc1 Qe3+ 37. Kb1 Qd3+ 38. Ka1 Qd1+ 1/2-1/2

[Event "SRB-chT (Women)"]
[Site "Novi Sad"]
[Date "2010.08.30"]
[Round "8"]
[White "Nikolic, Mila"]
[Black "Zivkovic, Vesna"]
[Result "1/2-1/2"]
[WhiteElo "1936"]
[BlackElo "2080"]
[PlyCount "94"]
[EventDate "2010.08.23"]
[EventType "team-tourn"]
[EventRounds "11"]
[EventCountry "YUG"]
[SourceTitle "CBM 138 Extra"]
[Source "ChessBase"]
[SourceDate "2010.10.29"]
[SourceVersion "1"]
[SourceVersionDate "2010.10.29"]
[SourceQuality "1"]

1. e4 c5 2. c3 g6 3. d4 cxd4 4. cxd4 d5 5. e5 Nc6 6. Nc3 Bg7 7. Nf3 Nh6 8. h3 0-0 9. Qb3 Nf5 10. Be3 Nxe3 11. fxe3 e6 12. Nb5 f6 13. exf6 Bxf6 14. h4 a6 15. Na3 Qd6 16. 0-0-0 Bd7 17. Kb1 Rac8 18. Ka1 b5 19. Qd3 Nb4 20. Qd2 Rc7 21. Be2 Rfc8 22. Rc1 Rxc1+ 23. Rxc1 Rxc1+ 24. Qxc1 Nc6 25. Qe1 e5 26. Nc2 Bf5 27. dxe5 Nxe5 28. Ncd4 Be4 29. a3 Nc4 30. Qc3 Qb6 31. Ka2 a5 32. Bxc4 bxc4 33. Qd2 Be7 34. Qc3 Bb4 35. Qc1 Qa6 36. Qf1 Bd3 37. Qf2 Be7 38. Ne5 Bf6 39. Nec6 Bxd4 40. Nxd4 Be4 41. g4 a4 42. Qd2 Qf6 43. Qe1 c3 44. Qxc3 Qxh4 45. Qc8+ Kg7 46. Qe6 Kf8 47. Qc8+ Kf7 1/2-1/2

[Event "SRB Central-ch (Women)"]
[Site "Vrnjacka Banja"]
[Date "2009.11.13"]
[Round "5"]
[White "Korbovljanovic, Natasa"]
[Black "Nikolic, Mila"]
[Result "0-1"]
[WhiteElo "1780"]
[BlackElo "1936"]
[PlyCount "64"]
[EventDate "2009.11.09"]
[EventType "tourn"]
[EventRounds "7"]
[EventCountry "YUG"]
[SourceTitle "EXT 2010"]
[Source "ChessBase"]
[SourceDate "2010.11.25"]
[SourceVersion "1"]
[SourceVersionDate "2010.11.25"]
[SourceQuality "1"]

1. e4 Nf6 2. Nc3 d5 3. exd5 Nxd5 4. Nxd5 Qxd5 5. d4 Nc6 6. Be3 Bf5 7. c3 0-0-0 8. Nf3 h6 9. Be2 g5 10. 0-0 Bg7 11. Qa4 Qa5 12. Qb3 Be6 13. Bc4 Bxc4 14. Qxc4 e6 15. Qb3 Rhe8 16. Rfe1 f5 17. Rad1 f4 18. Bc1 Qf5 19. Nd2 e5 20. dxe5 Nxe5 21. Nc4 Rxd1 22. Rxd1 Nc6 23. Bd2 a6 24. Na3 f3 25. Be3 Qg4 26. Kf1 Qxg2+ 27. Ke1 Rxe3+ 28. Kd2 Qxf2+ 29. Kc1 Re1 30. Qc2 Qe3+ 31. Kb1 Qe7 32. Qd3 Qe4 0-1

[Event "SRB Central-ch (Women)"]
[Site "Vrnjacka Banja"]
[Date "2009.11.10"]
[Round "2"]
[White "Urosevic, Marija"]
[Black "Nikolic, Mila"]
[Result "1-0"]
[WhiteElo "2084"]
[BlackElo "1936"]
[PlyCount "75"]
[EventDate "2009.11.09"]
[EventType "tourn"]
[EventRounds "7"]
[EventCountry "YUG"]
[SourceTitle "EXT 2010"]
[Source "ChessBase"]
[SourceDate "2010.11.25"]
[SourceVersion "1"]
[SourceVersionDate "2010.11.25"]
[SourceQuality "1"]

1. d4 d5 2. Nf3 e6 3. c4 c6 4. Nbd2 f5 5. g3 Nf6 6. Bg2 Bd6 7. 0-0 Nbd7 8. b3 0-0 9. Bb2 f4 10. Ne5 fxg3 11. hxg3 Bxe5 12. dxe5 Ng4 13. Nf3 Qe8 14. Bh3 Nh6 15. Ba3 Rf5 16. Bxf5 Nxf5 17. Qd3 b6 18. cxd5 cxd5 19. Rac1 a5 20. Rfd1 Ba6 21. Qd2 Qh5 22. Qg5 Qe8 23. Rd2 h6 24. Qg4 Rc8 25. Rxc8 Qxc8 26. Qg6 Nc5 27. Rc2 d4 28. Qg4 d3 29. exd3 Bxd3 30. Rd2 Ba6 31. Nd4 Bb7 32. Nxf5 exf5 33. Qc4+ Kh7 34. Qf7 Be4 35. Rd6 f4 36. Qxf4 Qh3 37. f3 Ba8 38. Rxb6 1-0

[Event "SRB-chT (Women)"]
[Site "Pozarevac"]
[Date "2009.09.21"]
[Round "8"]
[White "Nikolic, Mila"]
[Black "Benderac, Ana"]
[Result "1/2-1/2"]
[WhiteElo "1963"]
[BlackElo "2298"]
[PlyCount "46"]
[EventDate "2009.09.14"]
[EventType "team-tourn"]
[EventRounds "9"]
[EventCountry "YUG"]
[SourceTitle "CBM 132 Extra"]
[Source "ChessBase"]
[SourceDate "2009.11.03"]
[SourceVersion "1"]
[SourceVersionDate "2009.11.03"]
[SourceQuality "1"]

1. e4 d6 2. d4 g6 3. g3 Bg7 4. Bg2 c6 5. a4 Nf6 6. h3 0-0 7. Ne2 Qc7 8. 0-0 e5 9. Be3 Nbd7 10. Nbc3 Rd8 11. Qd2 exd4 12. Nxd4 Nc5 13. Bg5 Re8 14. Rfe1 Nfd7 15. Bh6 Ne5 16. Bxg7 Kxg7 17. b3 f6 18. Rad1 Nf7 19. Kh2 Bd7 20. f4 Rad8 21. Qf2 Bc8 22. Rd2 a5 23. Rdd1 Re7 1/2-1/2

[Event "SRB-chT (Women)"]
[Site "Pozarevac"]
[Date "2009.09.20"]
[Round "7"]
[White "Nikolic, Mila"]
[Black "Eric, Jovana"]
[Result "0-1"]
[WhiteElo "1963"]
[BlackElo "2137"]
[PlyCount "78"]
[EventDate "2009.09.14"]
[EventType "team-tourn"]
[EventRounds "9"]
[EventCountry "YUG"]
[SourceTitle "CBM 132 Extra"]
[Source "ChessBase"]
[SourceDate "2009.11.03"]
[SourceVersion "1"]
[SourceVersionDate "2009.11.03"]
[SourceQuality "1"]

1. e4 c5 2. c3 d5 3. exd5 Qxd5 4. d4 Nf6 5. Nf3 e6 6. Na3 Qd8 7. Nc2 Nc6 8. Be2 Be7 9. Be3 cxd4 10. Ncxd4 Nxd4 11. Bxd4 0-0 12. 0-0 b6 13. Qc2 Bb7 14. Rad1 Qc7 15. Ng5 e5 16. Be3 h6 17. Nf3 Ng4 18. Qc1 Nxe3 19. Qxe3 e4 20. Nd4 Bg5 21. Qh3 a6 22. f3 Bc8 23. g4 Bb7 24. fxe4 Bxe4 25. Bf3 Rae8 26. Rde1 Bd3 27. Rxe8 Rxe8 28. Rd1 Be3+ 29. Kg2 Qc4 30. Nf5 Bxf5 31. gxf5 Qxa2 32. Kh1 Qxb2 33. c4 a5 34. Bd5 Qe2 35. Rb1 Bc5 36. Qh4 Qf2 37. Qg4 Re1+ 38. Rxe1 Qxe1+ 39. Kg2 Qf2+ 0-1

[Event "SRB-chT (Women)"]
[Site "Pozarevac"]
[Date "2009.09.18"]
[Round "5"]
[White "Nikolic, Mila"]
[Black "Stojanovic, Andjelija"]
[Result "0-1"]
[WhiteElo "1963"]
[BlackElo "2323"]
[PlyCount "91"]
[EventDate "2009.09.14"]
[EventType "team-tourn"]
[EventRounds "9"]
[EventCountry "YUG"]
[SourceTitle "CBM 132 Extra"]
[Source "ChessBase"]
[SourceDate "2009.11.03"]
[SourceVersion "1"]
[SourceVersionDate "2009.11.03"]
[SourceQuality "1"]

1. e4 d6 2. d4 Nf6 3. Nc3 e5 4. Nge2 exd4 5. Nxd4 Be7 6. Bc4 0-0 7. 0-0 c6 8. a4 Nxe4 9. Nxe4 d5 10. Bd3 dxe4 11. Bxe4 Bf6 12. Nf3 Na6 13. c3 Nc5 14. Bc2 b6 15. Be3 Ba6 16. Re1 Ne6 17. Qxd8 Bxd8 18. Rad1 c5 19. Be4 Rc8 20. Rd7 Rc7 21. Red1 Bc8 22. R7d2 Bf6 23. h3 Re8 24. Bc2 g6 25. Bb3 c4 26. Bc2 Bb7 27. Nd4 Nxd4 28. Bxd4 Bg5 29. Be3 Bxe3 30. fxe3 Rxe3 31. Rd7 Rxd7 32. Rxd7 Bxg2 33. Bxg6 hxg6 34. Kxg2 Re2+ 35. Kg3 a6 36. Ra7 Rxb2 37. Rxa6 Rb3 38. Kg4 Kg7 39. h4 Kh6 40. Kf4 Kh5 41. Ke5 Rxc3 42. Rxb6 Ra3 43. Rb4 c3 44. Rc4 c2 45. Rxc2 Rxa4 46. Rh2 0-1

[Event "SRB-chT (Women)"]
[Site "Pozarevac"]
[Date "2009.09.16"]
[Round "3"]
[White "Nikolic, Mila"]
[Black "Mladenovic, Jelena"]
[Result "1/2-1/2"]
[WhiteElo "1963"]
[BlackElo "2150"]
[PlyCount "26"]
[EventDate "2009.09.14"]
[EventType "team-tourn"]
[EventRounds "9"]
[EventCountry "YUG"]
[SourceTitle "CBM 132 Extra"]
[Source "ChessBase"]
[SourceDate "2009.11.03"]
[SourceVersion "1"]
[SourceVersionDate "2009.11.03"]
[SourceQuality "1"]

1. e4 c5 2. c3 d5 3. exd5 Qxd5 4. d4 Nc6 5. Nf3 Bg4 6. Be2 cxd4 7. cxd4 e6 8. 0-0 Qa5 9. Nc3 Bb4 10. Ne4 Qd5 11. Nc3 Qa5 12. Ne4 Qd5 13. Nc3 Qa5 1/2-1/2

[Event "SRB-chT (Women) 1st"]
[Site "Zlatibor"]
[Date "2007.08.21"]
[Round "1"]
[White "Prudnikova, Svetlana"]
[Black "Nikolic, Mila"]
[Result "1-0"]
[WhiteElo "2355"]
[BlackElo "1987"]
[PlyCount "43"]
[EventDate "2007.08.21"]
[EventType "team"]
[EventRounds "11"]
[EventCountry "YUG"]
[SourceTitle "CBM 120 Extra"]
[Source "ChessBase"]
[SourceDate "2007.11.01"]
[SourceVersion "1"]
[SourceVersionDate "2007.11.01"]
[SourceQuality "1"]

1. Nf3 d5 2. d4 e6 3. c4 Nf6 4. Nc3 c5 5. cxd5 exd5 6. g3 Nc6 7. Bg2 Be7 8. 0-0 0-0 9. Bg5 Be6 10. dxc5 Bxc5 11. Bxf6 gxf6 12. Qd2 Bb4 13. a3 Ba5 14. Rfd1 Qe7 15. b4 Bb6 16. Qh6 Rad8 17. b5 Na5 18. Nd4 Kh8 19. Nxd5 Bxd5 20. Nf5 Bxf2+ 21. Kxf2 Qc5+ 22. Rd4 1-0

[Event "Serbia-chT (Women)"]
[Site "Zlatibor"]
[Date "2006.08.31"]
[Round "6"]
[White "Chilingirova, Pavlina"]
[Black "Nikolic, Mila"]
[Result "1-0"]
[WhiteElo "2209"]
[BlackElo "2017"]
[PlyCount "71"]
[EventDate "2006.08.26"]
[EventType "team"]
[EventRounds "9"]
[EventCountry "YUG"]
[SourceTitle "EXT 2007"]
[Source "ChessBase"]
[SourceDate "2006.11.23"]
[SourceVersion "1"]
[SourceVersionDate "2006.11.23"]
[SourceQuality "1"]

1. d4 e6 2. c4 f5 3. g3 Nf6 4. Bg2 c6 5. Nf3 d5 6. 0-0 Bd6 7. b3 Qe7 8. Bb2 0-0 9. Qc1 Ne4 10. Ba3 Bxa3 11. Nxa3 b6 12. Ne5 Bb7 13. Nc2 Nd7 14. Nxd7 Qxd7 15. f3 Nf6 16. Rd1 Rac8 17. Qa3 Ra8 18. c5 Qc7 19. f4 b5 20. Qc1 a5 21. a3 Bc8 22. Ne1 Bd7 23. Nd3 Be8 24. Qe3 Qe7 25. Ne5 Rc8 26. Qd2 Qc7 27. h3 Bh5 28. Re1 Ra8 29. Kf2 Nd7 30. Nd3 Qd8 31. Rg1 Qf6 32. e3 h6 33. Raf1 Kh8 34. Ke1 Rg8 35. Qf2 Bf7 36. g4 1-0

[Event "Serbia-chT (Women)"]
[Site "Zlatibor"]
[Date "2006.08.29"]
[Round "4"]
[White "Randjelovic, Dragana"]
[Black "Nikolic, Mila"]
[Result "1-0"]
[WhiteElo "2076"]
[BlackElo "2017"]
[PlyCount "90"]
[EventDate "2006.08.26"]
[EventType "team"]
[EventRounds "9"]
[EventCountry "YUG"]
[SourceTitle "EXT 2007"]
[Source "ChessBase"]
[SourceDate "2006.11.23"]
[SourceVersion "1"]
[SourceVersionDate "2006.11.23"]
[SourceQuality "1"]

1. e4 Nf6 2. e5 Nd5 3. d4 d6 4. c4 Nb6 5. exd6 exd6 6. Nc3 Be7 7. Be3 Bf6 8. Ne4 Be7 9. Nf3 0-0 10. Bd3 h6 11. b3 f5 12. Nc3 Nc6 13. Rc1 Bf6 14. c5 dxc5 15. dxc5 Nd7 16. Nd5 Nde5 17. Nxf6+ Qxf6 18. Nxe5 Nxe5 19. Be2 Nc6 20. 0-0 f4 21. Bd2 Be6 22. Bc3 Qg5 23. Bf3 Rad8 24. Qe2 Rde8 25. Qb5 Bh3 26. Kh1 Bxg2+ 27. Bxg2 f3 28. Bh3 Re7 29. Rg1 Qh5 30. Qc4+ Kh8 31. Qg4 Qf7 32. Qg6 Qxg6 33. Rxg6 Ne5 34. Bxe5 Rxe5 35. Bf1 Rd5 36. Bc4 Rd2 37. Kg1 Rfd8 38. Rg3 Rxa2 39. Rxf3 Rdd2 40. Re1 Rd7 41. Re8+ Kh7 42. Bd3+ g6 43. Bc4 Rd1+ 44. Kg2 h5 45. Rf7+ Kh6 1-0

[Event "Serbia-ch (Women)"]
[Site "Vrnjacka Banja"]
[Date "2006.02.??"]
[Round "7"]
[White "Nikolic, Mila"]
[Black "Rakic, Marija"]
[Result "1/2-1/2"]
[WhiteElo "2000"]
[BlackElo "2130"]
[PlyCount "58"]
[EventDate "2006.02.??"]
[EventType "swiss"]
[EventRounds "9"]
[EventCountry "YUG"]
[SourceTitle "CBM 110 Extra"]
[Source "ChessBase"]
[SourceDate "2006.03.10"]
[SourceVersion "2"]
[SourceVersionDate "2006.03.10"]
[SourceQuality "1"]

1. e4 Nf6 2. e5 Nd5 3. c4 Nb6 4. c5 Nd5 5. Nc3 Nxc3 6. bxc3 d6 7. cxd6 exd6 8. exd6 Bxd6 9. d4 0-0 10. Bd3 c5 11. Ne2 Nc6 12. 0-0 Bg4 13. f3 Bh5 14. Be3 cxd4 15. cxd4 Qh4 16. g3 Qf6 17. Be4 Qe7 18. Nf4 Bg6 19. Nxg6 hxg6 20. Bf2 Na5 21. Qa4 Qd8 22. Rfd1 Rb8 23. Rab1 b6 24. Be1 Rc8 25. Bxa5 bxa5 26. Rb7 Rc7 27. Qxa5 Rxb7 28. Qxd8 Rxd8 29. Bxb7 Bc5 1/2-1/2

[Event "Serbia-ch (Women)"]
[Site "Vrnjacka Banja"]
[Date "2006.02.??"]
[Round "4"]
[White "Nikolic, Mila"]
[Black "Rapport, Jovana"]
[Result "1/2-1/2"]
[WhiteElo "2000"]
[BlackElo "2035"]
[PlyCount "33"]
[EventDate "2006.02.??"]
[EventType "swiss"]
[EventRounds "9"]
[EventCountry "YUG"]
[SourceTitle "CBM 110 Extra"]
[Source "ChessBase"]
[SourceDate "2006.03.10"]
[SourceVersion "2"]
[SourceVersionDate "2006.03.10"]
[SourceQuality "1"]

1. e4 d5 2. exd5 Qxd5 3. Nc3 Qa5 4. d4 Nf6 5. Nf3 c6 6. Bd2 Bg4 7. Be2 e6 8. 0-0 Nbd7 9. h3 Bh5 10. a3 Qc7 11. Re1 Be7 12. Ne5 Bxe2 13. Qxe2 0-0 14. Rad1 Nxe5 15. dxe5 Nd5 16. Qg4 Nxc3 17. Bxc3 1/2-1/2

[Event "Serbia-ch (Women)"]
[Site "Vrnjacka Banja"]
[Date "2006.02.??"]
[Round "3"]
[White "Stojanovic, Andjelija"]
[Black "Nikolic, Mila"]
[Result "1-0"]
[WhiteElo "2193"]
[BlackElo "2000"]
[PlyCount "99"]
[EventDate "2006.02.??"]
[EventType "swiss"]
[EventRounds "9"]
[EventCountry "YUG"]
[SourceTitle "CBM 110 Extra"]
[Source "ChessBase"]
[SourceDate "2006.03.10"]
[SourceVersion "2"]
[SourceVersionDate "2006.03.10"]
[SourceQuality "1"]

1. e4 Nf6 2. e5 Nd5 3. d4 d6 4. c4 Nb6 5. exd6 exd6 6. Nc3 Be7 7. h3 Bf6 8. Be3 Bf5 9. Nge2 Nc6 10. Ng3 Bg6 11. Be2 0-0 12. 0-0 d5 13. c5 Nc4 14. Bf3 Nb4 15. Qb3 Nc2 16. Nxd5 N4xe3 17. fxe3 Nxa1 18. Nxf6+ Qxf6 19. Rxa1 Qh4 20. Kh2 Rab8 21. d5 Rfd8 22. Rd1 b6 23. d6 cxd6 24. cxd6 Qf6 25. Qa3 a5 26. d7 Qe6 27. Rd6 Qe5 28. Rd5 Qc7 29. Qe7 f6 30. Rd6 Qc5 31. Bd5+ Kh8 32. Ne2 Bf5 33. Nf4 Qc7 34. Bc6 Bxd7 35. Ne6 Qxd6+ 36. Qxd6 Bxe6 37. Qxe6 Rf8 38. e4 h6 39. e5 fxe5 40. Qxe5 Rbc8 41. Be4 Rf6 42. Bd3 Rcf8 43. Qe4 g6 44. g4 Kg7 45. h4 Rf2+ 46. Kg3 R8f6 47. g5 hxg5 48. hxg5 Rf7 49. Qd4+ Kf8 50. Qxf2 1-0

[Event "SCG-chT1 (Women)"]
[Site "Vrnjacka Banja"]
[Date "2005.10.21"]
[Round "5"]
[White "Bojovic, Jovana"]
[Black "Nikolic, Mila"]
[Result "1-0"]
[WhiteElo "1940"]
[BlackElo "2007"]
[PlyCount "117"]
[EventDate "2005.10.17"]
[EventType "team"]
[EventRounds "11"]
[EventCountry "YUG"]
[SourceTitle "EXT 2006"]
[Source "ChessBase"]
[SourceDate "2005.11.24"]
[SourceVersion "1"]
[SourceVersionDate "2005.11.24"]
[SourceQuality "1"]

1. e4 Nf6 2. Nc3 d5 3. e5 Nfd7 4. d4 c5 5. dxc5 e6 6. Nf3 Nxc5 7. g3 Nc6 8. Bg2 a6 9. 0-0 Be7 10. Re1 0-0 11. Ne2 Qc7 12. Ned4 Nxd4 13. Nxd4 b5 14. Qe2 Bb7 15. b3 Rac8 16. Bd2 Ne4 17. f4 Nxd2 18. Qxd2 Bc5 19. Re2 Qb6 20. Rd1 b4 21. Bf1 Rc7 22. c3 bxc3 23. Qxc3 Rfc8 24. Qe3 a5 25. Red2 Bb4 26. Rf2 Rc3 27. Qe2 Rc1 28. Kg2 Rxd1 29. Qxd1 Bc5 30. Rd2 Bxd4 31. Rxd4 Rc3 32. Rd3 Rc5 33. Rd2 Qc7 34. Kh3 g6 35. Qe2 Kg7 36. Qf2 Rc1 37. Bd3 Qc3 38. Qe2 Qc5 39. Rc2 Rxc2 40. Qxc2 Qxc2 41. Bxc2 Ba6 42. Kg2 f6 43. Kf3 fxe5 44. fxe5 g5 45. a3 h6 46. Ke3 Kf7 47. Kd4 Ke7 48. b4 axb4 49. axb4 Kd7 50. Ba4+ Kc7 51. b5 Bb7 52. Kc5 Kc8 53. Kd6 d4 54. Kxe6 d3 55. Kf7 Bd5+ 56. e6 Kd8 57. b6 d2 58. Kf6 Bc6 59. Bxc6 1-0

[Event "SCG-chT1 (Women)"]
[Site "Vrnjacka Banja"]
[Date "2005.10.19"]
[Round "3"]
[White "Nikolic, Mila"]
[Black "Vujic Katanic, Branka"]
[Result "0-1"]
[WhiteElo "2007"]
[BlackElo "2123"]
[PlyCount "88"]
[EventDate "2005.10.17"]
[EventType "team"]
[EventRounds "11"]
[EventCountry "YUG"]
[SourceTitle "EXT 2006"]
[Source "ChessBase"]
[SourceDate "2005.11.24"]
[SourceVersion "1"]
[SourceVersionDate "2005.11.24"]
[SourceQuality "1"]

1. e4 e6 2. d4 d5 3. exd5 exd5 4. c4 Nf6 5. Nc3 Bb4 6. Nf3 0-0 7. Be2 dxc4 8. Bxc4 Ne4 9. Bd2 Nxd2 10. Qxd2 Qe7+ 11. Qe3 Qxe3+ 12. fxe3 Nd7 13. 0-0 Nb6 14. Bb3 c5 15. Ne5 Be6 16. d5 Bxc3 17. bxc3 Nxd5 18. Bxd5 Bxd5 19. Rfd1 Be6 20. Rd2 Rfd8 21. Rad1 Rxd2 22. Rxd2 b6 23. a3 Kf8 24. Kf2 f6 25. Nf3 Ke7 26. e4 Rd8 27. Rxd8 Kxd8 28. Ke3 Ke7 29. Nd2 b5 30. Kd3 Kd6 31. Ke3 a5 32. Kd3 b4 33. axb4 cxb4 34. cxb4 axb4 35. Kd4 Kc6 36. e5 fxe5+ 37. Kxe5 Bd5 38. g3 Kc5 39. g4 b3 40. h4 b2 41. g5 Ba2 42. h5 Bf7 43. g6 hxg6 44. hxg6 Bxg6 0-1